The flag we love / (Record no. 8413)

MARC details
000 -LEADER
fixed length control field 00959nam a22002897a 4500
001 - CONTROL NUMBER
control field 8413
003 - CONTROL NUMBER IDENTIFIER
control field FISKH
005 - DATE AND TIME OF LATEST TRANSACTION
control field 20250910160143.0
008 - FIXED-LENGTH DATA ELEMENTS--GENERAL INFORMATION
fixed length control field 250910b cb ||||| |||| 00| 0 eng d
020 ## - INTERNATIONAL STANDARD BOOK NUMBER
International Standard Book Number 043925292X
040 ## - CATALOGING SOURCE
Original cataloging agency FISKH
Language of cataloging eng
Transcribing agency FISKH
Modifying agency FISKH
050 ## - LIBRARY OF CONGRESS CALL NUMBER
Classification number CR113 .R93
082 ## - DEWEY DECIMAL CLASSIFICATION NUMBER
Classification number 929.9
100 ## - MAIN ENTRY--PERSONAL NAME
Personal name Ryan, Pam Munoz
245 ## - TITLE STATEMENT
Title The flag we love /
Statement of responsibility, etc. By Pam Muñoz Ryan : Illustrated by Ralph Masiello
250 ## - EDITION STATEMENT
Edition statement First Scholastic printing, October 2000
260 ## - PUBLICATION, DISTRIBUTION, ETC.
Place of publication, distribution, etc. New York :
Name of publisher, distributor, etc. Scholastic ,
Date of publication, distribution, etc. 1996.
300 ## - PHYSICAL DESCRIPTION
Extent 32 unnumbered pages :
Other physical details color illustrations ;
Dimensions 23 x 28 cm .
505 ## - FORMATTED CONTENTS NOTE
Formatted contents note H <br/>
520 ## - SUMMARY, ETC.
Summary, etc. A patriotic poem celebrating the flag of the United States, including historical footnotes about its origins and history.
521 8# - TARGET AUDIENCE NOTE
Target audience note 400 <br/>
Source Lexile <br/>
521 8# - TARGET AUDIENCE NOTE
Target audience note H <br/>
Source Raz-Plus <br/>
650 ## - SUBJECT ADDED ENTRY--TOPICAL TERM
Topical term or geographic name entry element American Symbols
Form subdivision Non-fiction
700 ## - ADDED ENTRY--PERSONAL NAME
Personal name Masiello, Ralph
Relator term Illustrator
942 ## - ADDED ENTRY ELEMENTS (KOHA)
Source of classification or shelving scheme Dewey Decimal Classification
Koha item type Books
Suppress in OPAC No
Holdings
Withdrawn status Lost status Source of classification or shelving scheme Damaged status Not for loan Collection Home library Current library Shelving location Date acquired Total Checkouts Full call number Barcode Date last seen Price effective from Koha item type
    Dewey Decimal Classification     Non-Fiction Footprints International School Library Network Toul Tom Poung Campus Footprints International School Library Network Toul Tom Poung Campus TTP Primary Dark Blue Bookshelves 09/10/2025   RYA 929.9 CR113 .R93 FISBK06061 09/10/2025 09/10/2025 Books